Music Quiz

Random Music or Song Quiz

SOJA Songs Quiz Stats

 Plays Quiz not verified by Sporcle

Challenge
Share
Tweet
Embed
Score 0/41 Timer 12:00
0 Plays Today
Album % Correct
Born In BabylonBorn In Babylon
69%
Born In BabylonYou and Me
65.5%
Strength To SurviveStrength To Survive
55.2%
Strength To SurviveEverything Changes
55.2%
Strength To SurviveTell me
51.7%
Strength To SurviveNot Done Yet
51.7%
Get WiserOpen My Eyes
44.8%
Born In BabylonRest of my Life
44.8%
Strength To SurviveMentality
44.8%
Born In BabylonLosing My Mind
41.4%
Born In BabylonHere I am
41.4%
Get WiserSorry
37.9%
Born In BabylonI Dont Wanna Wait
37.9%
Get WiserCant Tell Me
34.5%
Strength To SurviveDont Worry
34.5%
Strength To SurviveWhen We Were Younger
34.5%
Get WiserYou Dont Know Me
31%
Born In BabylonSummer Breeze
31%
Strength To SurviveLet You Go
31%
Get Wiser911
27.6%
Born In BabylonThunderstorms
27.6%
Album % Correct
Strength To SurviveBe With Me Now
27.6%
Born In BabylonBleed Through
24.1%
Born In BabylonI Tried
24.1%
Born In BabylonNever Ever
24.1%
Strength To SurviveGone Today
24.1%
Get WiserBy My Side
20.7%
Get WiserFaith Works
20.7%
Get WiserBe Aware
20.7%
Born In BabylonUsed To Matter
20.7%
Born In BabylonDont Forget
20.7%
Born In BabylonWaking Up
20.7%
Strength To SurviveSlow Down
20.7%
Strength To SurviveIts Not Too Late
17.2%
Get WiserMy Life Alone
13.8%
Get WiserWhat Would
13.8%
Get WiserStrong For Them
13.8%
Get WiserIve Got Time
13.8%
Get WiserBring Back the Truth
13.8%
Get WiserDevils
13.8%
Born In BabylonDecide When Youre Gone
0%

You're not logged in!

Compare scores with friends on all Sporcle quizzes.
OR
Log In

You Might Also Like...

Show Comments

Extras

Created Jul 18, 2012ReportNominate
Tags:Song Quiz, Bob Marley, reggae

Top Quizzes Today


Score Distribution

Your Account Isn't Verified!

In order to create a playlist on Sporcle, you need to verify the email address you used during registration. Go to your Sporcle Settings to finish the process.

Report this User

Report this user for behavior that violates our Community Guidelines.

Details: